Music Quiz

Random Music or Lyrics Quiz

''Translated'' Song Lyrics (Clickable) Quiz Stats

 Plays Quiz not verified by Sporcle

Challenge
Share
Tweet
Score 0/25 Timer 06:00
0 Plays Today
% Correct
Ghostbusters
88.5%
Y.M.C.A.
85.2%
I Believe I Can Fly
77.9%
Sugar, Sugar
74.6%
Don't You Want Me
73%
Sweet Child O' Mine
72.1%
A Hard Day's Night
68.9%
Eye of the Tiger
68%
Sweet Dreams (Are Made of This)
67.2%
Hey Ya!
64.8%
Joy to the World
62.3%
(Sittin' On) The Dock of the Bay
61.5%
Counting Stars
59.8%
% Correct
Waterfalls
59.8%
The Sign
59%
Rolling in the Deep
55.7%
Stayin' Alive
55.7%
American Pie
54.9%
Whoomp! (There It Is)
54.9%
Superstition
51.6%
My Girl
50.8%
A Thousand Miles
50.8%
Black Water
48.4%
Call Me Maybe
30.3%
Smoke Gets In Your Eyes
22.1%

You're not logged in!

Compare scores with friends on all Sporcle quizzes.
Join for Free
OR
Log In

You Might Also Like...

Show Comments

Extras

Top Quizzes Today


Score Distribution

Your Account Isn't Verified!

In order to create a playlist on Sporcle, you need to verify the email address you used during registration. Go to your Sporcle Settings to finish the process.

Report this User

Report this user for behavior that violates our Community Guidelines.

Details: